000 00852 a2200217 4500
010 _aENG-89064
020 _a812460374X
_c590.00
035 1 4 _aEN-72597
037 1 _bDBAD / PUB
082 1 4 _a220.24
090 _c10139
_d10139
245 1 _aChandogya Upanisad :
_ctranslation with an extensive commentary by Swami Muni Narayana Prasad
_bwith the original text in sanskrit and roman transliteration /
260 _aNew Delhi
_bD.K. Printworld
_c2006
270 _mdkprintworld@vsnl.net
300 _aix, 586p.
_c23 cm ( Hb)
490 _aRediscovering Indian literary classics; no. 15
500 _aIncludes bibliographical references and index
650 _aUpanishads, Chandogyaopanisad
_xCommentaries
942 _adpl
_cEN
_k220.24/ NAR
999 _c9910
_d9910